| 000 | 00000nam##2200000za#4500 |
| 001 | 9.617319 |
| 003 | CaOODSP |
| 005 | 20210615102114 |
| 007 | ta |
| 008 | 150406|2005||||xxc||||| f|0| 0 eng|d |
| 020 | |a0-662-40390-8 |
| 040 | |aCaOODSP|beng |
| 043 | |an-cn--- |
| 086 | 1 |aH113-7/2005-2E |
| 110 | 1 |aCanada. |bPest Management Regulatory Agency. |
| 245 | 10|aMesotrione Callisto 480SC herbicide |
| 260 | |bHealth Canada. |c2005. |
| 300 | |a[4], 140p. : |breferences, tables ; |c28 cm. |
| 490 | 1 |aRegulatory note |vREG2005-02 |
| 520 | 3 |aThis Regulatory Note provides a summary of data reviewed and the rationale for the regulatory decision for these products. |
| 563 | |aProcessed |
| 590 | |a05-22|b2005-06-03 |
| 775 | 08|tMésotrione herbicide callisto 480SC |w(CaOODSP)9.626916 |
| 776 | 0#|tMesotrione Callisto 480SC herbicide |w(CaOODSP)9.559400 |
| 830 | #0|aRegulatory note ;|vREG2005-02|w(CaOODSP)9.514702 |